Guess the country by its second largest city! - Statistics

General Stats
  • This quiz has been taken 70 times
  • The average score is 13 of 14
Answer Stats
Hint Answer % Correct
Los Angeles United States
100%
Melbourne Australia
98%
Rio de Janeiro Brazil
98%
Delhi India
98%
Milan Italy
98%
Barcelona Spain
98%
Hamburg Germany
97%
Wellington New Zealand
97%
Cape Town South Africa
95%
Marseille France
93%
Yokohama Japan
93%
Guadalajara Mexico
87%
Cordoba Argentina
68%
Surabaya Indonesia
67%
No matching quizzes found
Score Distribution
Percent of People with Each Score
Percentile by Number Answered
Your Score History
You have not taken this quiz